ბათუმის შოთა რუსთაველის სახელმწიფო უნივერსიტეტის ბიბლიოთეკა

თხზულებანი 4 ტომად. ტ.4 (ბიბ.ჩანაწერი № 48530)

000 -LEADER
fixed length control field 00863nam a2200229Ia 4500
001 - CONTROL NUMBER
control field 15427
003 - CONTROL NUMBER IDENTIFIER
control field GE_BSU
008 - FIXED-LENGTH DATA ELEMENTS--GENERAL INFORMATION
fixed length control field 181216s||||||||xx |||||||||||||| ||und||
040 ## - CATALOGING SOURCE
Transcribing agency GE_BSU
080 ## - UNIVERSAL DECIMAL CLASSIFICATION NUMBER
Universal Decimal Classification number 821.353.1-09
100 ## - MAIN ENTRY--PERSONAL NAME
Personal name ჩიქოვანი,სიმონ
245 ## - TITLE STATEMENT
Title თხზულებანი 4 ტომად. ტ.4
245 ## - TITLE STATEMENT
Remainder of title წერილები
245 ## - TITLE STATEMENT
Statement of responsibility, etc. სარედ.კოლ.ვ.მარგველაშვილი. გ.ასათიანი. ა. სულაკაური. და სხვ. რედ.მ.ჯაფარიძე. მხატვ. ს. კეცხოველი
260 ## - PUBLICATION, DISTRIBUTION, ETC.
Place of publication, distribution, etc. თბილისი
260 ## - PUBLICATION, DISTRIBUTION, ETC.
Name of publisher, distributor, etc. მერანი
260 ## - PUBLICATION, DISTRIBUTION, ETC.
Date of publication, distribution, etc. 1985
300 ## - PHYSICAL DESCRIPTION
Extent 358გვ.20სმ.
653 ## - INDEX TERM--UNCONTROLLED
Uncontrolled term თხზულებანი
653 ## - INDEX TERM--UNCONTROLLED
Uncontrolled term წერილები
942 ## - ADDED ENTRY ELEMENTS (KOHA)
Koha item type წიგნი
ეგზემპლარები
Withdrawn status Lost status Damaged status Not for loan Date acquired Barcode Date last seen Price effective from Koha item type
        2018-12-17 38438 2018-12-17 2018-12-17 წიგნი
        2018-12-17 38437 2018-12-17 2018-12-17 წიგნი